Results of the magnetic observations made by the Ordnance Survey in England and Wales in 1928 (Record no. 113203)

MARC details
000 -LEADER
fixed length control field 00686cam a22001935a 4500
001 - CONTROL NUMBER
control field L154858
008 - FIXED-LENGTH DATA ELEMENTS--GENERAL INFORMATION
fixed length control field 120124s1930 xxk f 000 0 eng d
035 ## - SYSTEM CONTROL NUMBER
System control number (Sirsi) u154858
041 0# - LANGUAGE CODE
Language code of text/sound track or separate title eng
050 04 - LIBRARY OF CONGRESS CALL NUMBER
Classification number 522.11 $2 18
110 1# - MAIN ENTRY--CORPORATE NAME
Corporate name or jurisdiction name as entry element Ordnance Survey
9 (RLIN) 1860
245 00 - TITLE STATEMENT
Title Results of the magnetic observations made by the Ordnance Survey in England and Wales in 1928
Remainder of title and preliminary results (declination only) of those made in Scotland in 1929
260 ## - PUBLICATION, DISTRIBUTION, ETC.
Place of publication, distribution, etc. London
Name of publisher, distributor, etc. HMSO
Date of publication, distribution, etc. 1930
300 ## - PHYSICAL DESCRIPTION
Extent 7p.
Dimensions 31cm.
520 ## - SUMMARY, ETC.
Summary, etc. Discusses declination, inclination and horizontal force as part of a magnetic survey.
651 #4 - SUBJECT ADDED ENTRY--GEOGRAPHIC NAME
Geographic name United Kingdom
Chronological subdivision
690 ## - LOCAL SUBJECT ADDED ENTRY--TOPICAL TERM (OCLC, RLIN)
Topical term or geographic name as entry element Measurement
9 (RLIN) 6256
942 ## - ADDED ENTRY ELEMENTS (KOHA)
Suppress in OPAC 0
Holdings
Withdrawn status Lost status Source of classification or shelving scheme Damaged status Not for loan Home library Current library Shelving location Date acquired Total Checkouts Full call number Barcode Date last seen Copy number Price effective from Koha item type
    Dewey Decimal Classification     London London Basement 24/01/2012   RESERVE 30013835 06/08/2019 1 06/08/2019 Book